Mobilné aplikácie reťazcov prinášajú lacnotu
Politici reťazcom predikovali obrovské zárobky, napokon väčšina hlavných hráčov nedokázala v tržbách prekonať ani priemernú minuloročnú 12,5-percentnú infláciu. Výnimkou boli len Lidl a Terno Real Estate.
Na minha lista:
| Autor principal: | |
|---|---|
| Formato: | Capítulo de Livro |
| Idioma: | eslovaco |
| Assuntos: | |
| Tags: |
Sem tags, seja o primeiro a adicionar uma tag!
|
MARC
| LEADER | 00000naa a2200000 4500 | ||
|---|---|---|---|
| 001 | 0296944 | ||
| 005 | 20240417075252.8 | ||
| 041 | 0 | |a slo | |
| 044 | |a SK | ||
| 245 | 1 | 0 | |a Mobilné aplikácie reťazcov prinášajú lacnotu |c Anna Kopčanová |
| 520 | |a Politici reťazcom predikovali obrovské zárobky, napokon väčšina hlavných hráčov nedokázala v tržbách prekonať ani priemernú minuloročnú 12,5-percentnú infláciu. Výnimkou boli len Lidl a Terno Real Estate. | ||
| 610 | 2 | 0 | |a aplikácie mobilné |
| 610 | 2 | 0 | |a reťazce obchodné |
| 610 | 2 | 0 | |a potraviny |
| 610 | 2 | 0 | |a tržby |
| 610 | 2 | 0 | |a inflácia |
| 100 | 1 | |a Kopčanová, Anna | |